| 000 | 00472nam a2200169 a 4500 | ||
|---|---|---|---|
| 005 | 20210223120619.0 | ||
| 008 | 991125s1979 ag 000 0 spa u | ||
| 035 | _aUPN01000004256 | ||
| 049 | _aCG | ||
| 050 | 4 |
_aPQ7797 A2 _bA68 |
|
| 100 | 1 |
_aAbeijón, Asencio, _d1901-1991 _930077 |
|
| 245 | 1 | 0 |
_aApuntes de un carrero patagónico / _cAsencio Abeijón. |
| 260 |
_aArgentina : _b[s.n.], _c1979. |
||
| 300 | _a145 p. | ||
| 650 | 4 |
_aLITERATURA ARGENTINA _95070 |
|
| 905 | _aLibro | ||
| 999 |
_c4256 _d4256 |
||